01019nam a2200253 a 450000100100000000500170001000800410002702000150006804000250008308200210010811000490012924500930017826000400027130000270031149000220033850000330036065000540039383000290044791000070047604900090048395201250049295201310061799900170074800002308620200930021958.0101126s1998 ck 001 0 spa d a9589613780 aDO-SdBNPbspacBNPHU a346.86107bR426c aRepública de Colombia [Leyes, etc.]94752610aCódigo de comercio :bconcordado y actualizado con la ley 222 de diciembre 20 de 1995. aSantafé de Bogotá :b3R,c1998. a850, cxii p. ;c18 cm.1 aTemas Jurídicos aIncluye índice temático. 4aDerecho comercialxLegislaciónzColombia947527 0aTemas Jurídicos927600 aWM aBNGR 001054708MOaGRbGRcHDd2010-11-26iLF1l0o346.86107 R426cp23086-10r2020-06-25w2020-06-25y4ZPréstamo en sala 001054728MOaGRbGRcHDd2010-11-26iLF1l0o346.86107 R426cp23086-20r2020-06-25te. 2w2020-06-25y4ZPréstamo en sala c22583d22583